1385 1869 1997 1035 1663 1482 1116 1331 1553 1049 1450 1686 1104 1976 1330 1121 1631 1534 1087 1267 1907 1789 1498 1281 1142 1283 1764 1861 1365 1774 1736 1411 1885 1996 1515 1722 1011 1444 1630 1561 1055 1364 1815 1687 1060 1875 1355 1164 1230 1212 1421 1166 1445 1944 1335 1848 1349 1209 1436 1342 1357 1293 1503 1953 1617 1479 1098 1472 1256 1619 1919 1982 1678 1431 1087 1611 1991 1156 1362 1227 1274 1017 1352 1916 1905 1200 1000 1090 1372 1793 1294 1904 1309 1778 1169 1652 1711 1816 1158 BCNSPRNW ULIB Ver.6.0+V

เปลี่ยนเป็นภาษาไทย

Change to English
 แสดงรายละเอียดบรรณานุกรม
  กลับหน้าหลัก

Brief Record : Get Marc (ISO 2709) : E-mail record : QR code < ปิดหน้าต่าง
LEADER : 00000nam 2200000uu 4500
001    13399121161
003     ULIB
008    121107s2547||||th 000 0 tha d
020    ^a9749609549
020    ^a9789749609545
050  4 ^aLB^bส312ก 2547
100 0  ^aสมิต สัชฌุกร
245 10 ^aการประชุมที่เกิดประสิทธิผล =^bEffective meeting /^cสมิตสัชฌุกร
246 31 ^aEffective meeting
250    ^aพิมพ์ครั้งที่ 1
260    ^aกรุงเทพฯ :^bสายธาร,^c2547
300    ^a222 หน้า :^bภาพประกอบ ;^c21 ซม.
650  4 ^aการประชุม
945    ^p0^l0^i24024
995    ^aกัณชพร
999 ^a กัณชพร
รายการนี้ยังไม่มีแท็ก
คุณยังไม่ได้ล็อกอิน คุณสามารถมีกิจกรรมร่วมกับเว็บไซต์ได้ แต่ต้องล็อกอินก่อน ::
  ล็อกอิน

รายการสื่อสารสนเทศ

ลำดับที่ ประเภท เลขเรียก/บาร์โค้ด สถานที่ สถานะ
1. วิทยาศาสตร์การแพทย์ และสุขภาพ
วิทยาศาสตร์การแพทย์ และสุขภาพ
LB ส312ก 2547  
  Barcode: 24024
ห้องสมุดวิทยาเขตสวรรค์ประชารักษ์
►หนังสือทั่วไป
บนชั้น

รายการใกล้เคียง
    ผู้แต่ง [สมิต สัชฌุกร]

    หัวเรื่อง [การประชุม]

BibComment


ยังไม่เคยถูกคอมเมนท์

คอมเมนท์ทรัพยากรรายการนี้
  คอมเมนท์: การประชุมที่เกิด..


 Copyright 2026. Bcnsprnw @Library